Máy nén khí
Khái niệm chung về máy nén và cơ sở nhiệt động học của không khí. Các quá trình lý thuyết, thực tế, kết cấu, nguyên lí, cấu tạo của máy nén khí pít tông, máy nén Rôto, máy nén cách dẫn
Đã lưu trong:
| 主要作者: | |
|---|---|
| 格式: | 图书 |
| 语言: | Undetermined |
| 出版: |
Hà Nội
Bách Khoa
2007
|
| 主题: | |
| 标签: |
添加标签
没有标签, 成为第一个标记此记录!
|
| Thư viện lưu trữ: | Trung tâm Học liệu Trường Đại học Cần Thơ |
|---|
| LEADER | 00834nam a2200205Ia 4500 | ||
|---|---|---|---|
| 001 | CTU_165035 | ||
| 008 | 210402s9999 xx 000 0 und d | ||
| 020 | |c 67000 | ||
| 082 | |a 621.53 | ||
| 082 | |b Th103 | ||
| 100 | |a Bùi, Quốc Thái | ||
| 245 | 0 | |a Máy nén khí | |
| 245 | 0 | |c Bùi Quốc Thái | |
| 260 | |a Hà Nội | ||
| 260 | |b Bách Khoa | ||
| 260 | |c 2007 | ||
| 520 | |a Khái niệm chung về máy nén và cơ sở nhiệt động học của không khí. Các quá trình lý thuyết, thực tế, kết cấu, nguyên lí, cấu tạo của máy nén khí pít tông, máy nén Rôto, máy nén cách dẫn | ||
| 650 | |a Compressors,Máy nén không khí | ||
| 904 | |i Trọng Hiếu | ||
| 980 | |a Trung tâm Học liệu Trường Đại học Cần Thơ | ||